00679cam a22002057a 4500003000500000005001700005008004100022010001000063011001000073035001000083040000900093100002400102245010000126260004000226300002000266502009900286650003700385650002600422650002500448CHAP20220329140451.0971013s1987 r 00010 d a52384 a53356 a57506 cCHAP00aRomo Pedraza, Abel. 0aCostos de producción del melón Cantaloupe (Cucumis melo) en el valle de Apatzingán, Mich. aChapingo, Méx. :bEl autor,c1987 a145 h.b: ilus. aTesis (Ing. Agr. Esp. en Economía Agrícola) -- UACH. Departamento de Economía Agrícola14aMelónxCostos de producción.14aMelónxMichoacán.14aMelónxVariedades.